[Event "Warsaw Najdorf Memorial op-A"]
[Site "Warsaw"]
[Date "2021.07.15"]
[Round "6"]
[White "Niedbala, Bartlomiej"]
[Black "Nowak, Mikolaj"]
[Result "1-0"]
[WhiteElo "2360"]
[BlackElo "2310"]
[PlyCount "111"]
[EventDate "2021.07.10"]
[EventType "swiss"]
[EventRounds "9"]
[EventCountry "POL"]
[SourceTitle "CBM 203 Extra"]
[Source "ChessBase"]
[SourceDate "2021.09.30"]
[SourceVersion "1"]
[SourceVersionDate "2021.09.30"]
[SourceQuality "1"]

1. e4 d6 2. d4 Nf6 3. Nc3 g6 4. Be3 c6 5. Qd2 b5 6. Bd3 Nbd7 7. Nf3 Qc7 8. Bh6 Bb7 9. Bxf8 Kxf8 10. Qh6+ Kg8 11. a3 e5 12. dxe5 dxe5 13. 0-0 Qd6 14. Rfd1 Qf8 15. Qe3 Kg7 16. Ne2 Qe7 17. Ng3 Rhd8 18. Qg5 Qe6 19. Bf1 h6 20. Qe3 Nb6 21. b3 Qe7 22. Rxd8 Rxd8 23. h3 Nc8 24. c4 bxc4 25. Bxc4 c5 26. Rc1 Nb6 27. Be2 Rc8 28. a4 Nbd7 29. Rd1 Nb8 30. Rc1 Nfd7 31. Bb5 Nf8 32. Qc3 f6 33. Nh4 Kh7 34. Nhf5 gxf5 35. Nxf5 Qc7 36. Qe3 Kh8 37. Qxh6+ Nh7 38. Rxc5 Qf7 39. Nd6 Qe7 40. Rxc8+ Bxc8 41. Nxc8 Qc7 42. Nxa7 Qxa7 43. Qc1 Kg7 44. Qc8 Qb6 45. Bc4 Nf8 46. a5 Qd6 47. a6 Nc6 48. Bd5 Na7 49. Qb7+ Qd7 50. Qb6 Ng6 51. g3 Ne7 52. Qb7 Qxb7 53. axb7 Nac6 54. Bxc6 Nxc6 55. h4 Kg6 56. g4 1-0

[Event "Warsaw Najdorf Memorial op-A"]
[Site "Warsaw"]
[Date "2021.07.13"]
[Round "4"]
[White "Rozentalis, Eduardas"]
[Black "Nowak, Mikolaj"]
[Result "1-0"]
[WhiteElo "2520"]
[BlackElo "2310"]
[PlyCount "103"]
[EventDate "2021.07.10"]
[EventType "swiss"]
[EventRounds "9"]
[EventCountry "POL"]
[SourceTitle "CBM 203 Extra"]
[Source "ChessBase"]
[SourceDate "2021.09.30"]
[SourceVersion "1"]
[SourceVersionDate "2021.09.30"]
[SourceQuality "1"]

1. e4 e5 2. Nf3 Nc6 3. Bb5 Nf6 4. d3 Bc5 5. 0-0 d6 6. c3 0-0 7. h3 a6 8. Ba4 Ba7 9. Re1 Ne7 10. d4 Ng6 11. Bb3 h6 12. Nbd2 Re8 13. a4 c6 14. Bc2 Nh5 15. Nf1 Qf6 16. Be3 Ngf4 17. Ng3 Qg6 18. Nh4 Qg5 19. Nf3 Qg6 20. Kh2 Be6 21. Nh4 Qf6 22. Nxh5 Qxh4 23. Bxf4 exf4 24. Qf3 c5 25. d5 Bd7 26. Nxf4 c4 27. Re2 b5 28. Nh5 Bc5 29. Ng3 g6 30. axb5 axb5 31. Rxa8 Rxa8 32. e5 dxe5 33. Ne4 Be7 34. d6 Bd8 35. Nf6+ Qxf6 36. Qxa8 Qf4+ 37. g3 Qg5 38. Qe4 Bf6 39. Qh4 Qxh4 40. gxh4 h5 41. Re1 Bxh4 42. Rxe5 Kg7 43. f4 Bf6 44. Re1 Bd8 45. Be4 g5 46. fxg5 Bxg5 47. Rf1 Bf6 48. Bf5 Bc6 49. d7 Bd8 50. Rd1 Bc7+ 51. Kg1 Kf6 52. Rd6+ 1-0